Doctor Who 'Simpsonized' Quiz Stats

 Plays Quiz Updated Sep 8, 2014

Score 0/19 Timer 04:00
10 Plays Today
% Correct
Captain Jack Harkness
94.2%
The Weeping Angels
90.1%
The Cybermen
89.1%
Rose Tyler
89%
The Doctor
88.7%
The Ood
88.2%
Amy Pond
86.4%
Martha Jones
86.2%
The Master
85.9%
River Song
85.3%
% Correct
Donna Noble
84.1%
Rory Williams
83.5%
Clara Oswald
80.3%
The Silence
78.2%
Sarah Jane Smith
74.7%
The Sontarans
62.6%
Jenny
57.4%
Raxacoricofallapatorian
56.4%
The Judoon
52.9%

You're not logged in!

Compare scores with friends on all Sporcle quizzes.
Join for Free
OR
Log In

You Might Also Like...

Show Comments

Extras

Top Quizzes Today


Score Distribution

Your Account Isn't Verified!

In order to create a playlist on Sporcle, you need to verify the email address you used during registration. Go to your Sporcle Settings to finish the process.

Report this User

Report this user for behavior that violates our Community Guidelines.

Details: